Закономерности размещения метасоматических магнетитовых месторождений северной части Западного Саяна

Библиографические подробности
Главный автор: Богацкий В. В. Вячеслав Вячеславович
Другие авторы: Курцерайте Ш. Д. Шейна Давыдовна
Язык:русский
Опубликовано: Москва, Недра, 1966
Предметы:
Формат: Книга
Запись в KOHA:https://koha.lib.tpu.ru/cgi-bin/koha/opac-detail.pl?biblionumber=287032

MARC

LEADER 00000nam0a2200000 4500
001 287032
005 20231101235941.0
035 |a (RuTPU)RU\TPU\book\311402 
090 |a 287032 
100 |a 20150312d1966 k y0rusy50 ca 
101 0 |a rus 
102 |a RU 
105 |a a z 001zy 
200 1 |a Закономерности размещения метасоматических магнетитовых месторождений северной части Западного Саяна  |f В. В. Богацкий, Ш. Д. Курцерайте 
210 |a Москва  |c Недра  |d 1966 
215 |a 175 с.  |c ил. 
320 |a Библиогр.: с. 168-173. 
606 1 |a Магнетитовые месторождения  |2 stltpush  |3 (RuTPU)RU\TPU\subj\40711  |9 60551 
610 1 |a метасоматизм 
610 1 |a метасоматические формации 
610 1 |a Западный Саян 
610 1 |a размещение 
610 1 |a тектоно-магматический процесс 
610 1 |a магнетитовые руды 
610 1 |a геофизические особенности 
675 |a 553.311  |v 3 
700 1 |a Богацкий  |b В. В.  |g Вячеслав Вячеславович 
701 1 |a Курцерайте  |b Ш. Д.  |g Шейна Давыдовна 
801 1 |a RU  |b 63413507  |c 20150312 
801 2 |a RU  |b 63413507  |c 20150918  |g RCR 
942 |c BK